| Tag |
First Indicator |
Second Indicator |
Subfields |
| LEADER |
00000cam a2200000 4500 |
| 001 |
in00000719952 |
| 005 |
20151016055539.0 |
| 008 |
760429s1942 nyua 00010 engm |
| 010 |
|
|
|a 42015674
|
| 035 |
|
|
|a (OCoLC)02147447
|
| 035 |
|
|
|9 ADC7570AM
|
| 040 |
|
|
|a DLC
|c FNP
|d TXA
|d UtOrBLW
|
| 041 |
1 |
|
|a eng
|a rus
|
| 049 |
|
|
|a TXAS [mil]
|
| 050 |
|
0 |
|a D811
|b .P6 1942
|
| 092 |
|
|
|a 940.542
|b P766r
|
| 100 |
1 |
|
|a Poliakov, Alexander.
|
| 245 |
1 |
0 |
|a Russians don't surrender /
|c by Alexander Poliakov ; translated from the Russian by Norbert Guterman and with an introduction by Pierre van Paassen.
|
| 250 |
|
|
|a 1st ed.
|
| 264 |
|
1 |
|a New York :
|b E. P. Dutton,
|c 1942.
|
| 300 |
|
|
|a 191 pages :
|b illustrations ;
|c 21 cm.
|
| 336 |
|
|
|a text
|b txt
|2 rdacontent
|
| 337 |
|
|
|a unmediated
|b n
|2 rdamedia
|
| 338 |
|
|
|a volume
|b nc
|2 rdacarrier
|
| 500 |
|
|
|a First published in diary form under title: With a Soviet unit through the Nazi lines.
|
| 650 |
|
0 |
|a World War, 1939-1945
|v Personal narratives, Russian.
|
| 700 |
1 |
|
|a Guterman, Norbert,
|d 1900-1984.
|
| 999 |
|
|
|a MARS
|
| 999 |
f |
f |
|s a11d788d-437c-3cbf-b4f6-69e060fa83f6
|i e0b0fdfb-8b41-382f-b54e-eaa4b7888921
|t 0
|
| 952 |
f |
f |
|p noncirc
|a Texas A&M University
|b College Station
|c Cushing Memorial Library & Archives
|s cush mil
|d Cushing: Ragan Military (Does not check out)
|t 0
|e D811 .P6 1942
|h Library of Congress classification
|i unmediated -- volume
|m A14852671461
|
| 998 |
f |
f |
|a D811 .P6 1942
|t 0
|l Cushing: Ragan Military (Does not check out)
|